| 000 | 00000nam##2200000za#4500 |
| 001 | 9.639608 |
| 003 | CaOODSP |
| 005 | 20240314152355 |
| 007 | cr ||||||||||| |
| 008 | 150407|2010||||xxc|||||o f|0| 0 fre|d |
| 020 | |a978-1-100-98537-4 |
| 040 | |aCaOODSP|bfre |
| 043 | |an-cn--- |
| 086 | 1 |aPS4-92/2010F-PDF |
| 110 | 1 |aCanada. |bSécurité publique Canada. |
| 245 | 10|aApproches de maintien de l'ordre axé sur la résolution des problèmes en ce qui concerne la culture extérieure du cannabis / |h[ressource électronique]|cpar Joseph Clare, Paul Brantingham et Patricia Brantingham. |
| 260 | |aOttawa - Ontario : |bSécurité publique Canada |c2010. |
| 300 | |a56p.|btableaux |
| 500 | |a«Rapport n° 005, 2010»--p. 1 de 56. |
| 504 | |aBibliographie. |
| 590 | |a12-05-Supp|b2012-03-02 |
| 720 | 1 |aClare, Joseph |
| 720 | 1 |aBrantingham, Paul |
| 720 | 1 |aBrantingham, Patricia |
| 775 | 08|tProblem-oriented policing approaches to outdoor cannabis growing / |w(CaOODSP)9.695472 |
| 856 | 40|ahttp://publications.gc.ca|qPDF|s657 Ko|uhttps://publications.gc.ca/collections/collection_2012/sp-ps/PS4-92-2010-fra.pdf |